000 01037nam a2200289Ia 4500
001 92860
003 IT-RoPAU
008 130308s9999 xx 000 0 und d
040 _aIT-RoPAU
040 _cIT-RoPAU
041 _aPORTOGHESE
100 _aCatao Francisco
100 _gCodice Aut. SPICS: 32626
245 2 _aA universalidade da salvacao e a evangelizacao
245 _bAmerica Latina: 500 Anos de Evangelizacao-Reflexoes Teologico-Pastorais
250 _a1a ed.
260 _aSAO PAULO
260 _bEdicoes Paulinas
260 _c1990 [1° Ed.:1990 - Ed.Ling.Originale:1990]
300 _a"20 p. (prefazione: no ; testo: 20 [pagine: 62-81])"
500 _aUniversalità della salvezza e la Evangelizzazione Evangelizzazione Incarnazione Redenzione Chiesa missione Apostolica della Chiesa Opera Evangelizzatrice Vangelo e Mondo Chiesa nel Mondo Teologia e Modernita'
650 _aSAGGI TEOLOGIA COMUNICAZIONE SOCIALE
650 _eCodice materia Spics: 9211
942 _cBK
957 _71
999 _c86978
_d86978
999 _g1